Avaliação e comparação entre métodos de mensuração de pressão arterial sistólica em gatos hígidos conscientes (Registro n. 329611)
[ somente texto ]
| 000 -LÍDER | |
|---|---|
| fixed length control field | 04194nab a2200361 i 4500 |
| 003 - CÓDIGO MARC DA AGÊNCIA CATALOGADORA | |
| Campo de controle | BR-BrBNA |
| 005 - DATA E HORA DA ÚLTIMA ATUALIZAÇÃO | |
| Campo de controle | 20250117154429.0 |
| 008 - CAMPO DE TAMANHO FIXO | |
| fixed length control field | 250117b2016 bl.|r|pooa||| 00| 0 por | |
| 040 ## - FONTE DA CATALOGAÇÃO | |
| Agência catalogadora | BR-BrBNA |
| Idioma da catalogação | por |
| 072 ## - CATEGORIA AGRIS | |
| Código AGRIS | L70 |
| Código do objeto | 5500 |
| 100 ## - ENTRADA PRINCIPAL - NOME PESSOAL | |
| Nome pessoal | Anjos, T.M. |
| 100 ## - ENTRADA PRINCIPAL - NOME PESSOAL | |
| Nome pessoal | Veado, J.C.C. |
| 100 ## - ENTRADA PRINCIPAL - NOME PESSOAL | |
| Nome pessoal | Araújo, R.B. |
| 100 ## - ENTRADA PRINCIPAL - NOME PESSOAL | |
| Nome pessoal | Leme, F.O.P |
| 100 ## - ENTRADA PRINCIPAL - NOME PESSOAL | |
| Nome pessoal | Diniz, S.A. |
| 100 ## - ENTRADA PRINCIPAL - NOME PESSOAL | |
| Nome pessoal | Castro, M.C.N. |
| 100 ## - ENTRADA PRINCIPAL - NOME PESSOAL | |
| Nome pessoal | Costa, F.V.A. |
| 100 ## - ENTRADA PRINCIPAL - NOME PESSOAL | |
| Nome pessoal | Tavares, C.A.P. |
| 100 ## - ENTRADA PRINCIPAL - NOME PESSOAL | |
| Nome pessoal | David, L.M. |
| 100 ## - ENTRADA PRINCIPAL - NOME PESSOAL | |
| Nome pessoal | Quites, K.X. |
| 100 ## - ENTRADA PRINCIPAL - NOME PESSOAL | |
| Nome pessoal | Maia, M.Q. |
| 245 ## - TÍTULO PRINCIPAL | |
| Título principal | Avaliação e comparação entre métodos de mensuração de pressão arterial sistólica em gatos hígidos conscientes |
| 500 ## - NOTA GERAL | |
| Nota geral | <br/>Publicação online; 21 ref.; 3 illus.; Summaries (En, Pt) |
| 942 ## - ADDED ENTRY ELEMENTS (KOHA) | |
| Koha item type | Analítica |
| 520 ## - NOTA DE RESUMO | |
| Nota de conteúdo | <br/><br/><br/>RESUMO - Após validação de dois diferentes métodos de mensuração de pressão arterial sistólica (PAS) não invasivos ou indiretos (oscilométrico e Doppler vascular) com o invasivo ou direto (cateterização arterial padrão ouro) em 12 gatos hígidos anestesiados de mesma faixa etária, os métodos não invasivos foram avaliados e comparados em 24 gatos hígidos e conscientes, divididos em quatro grupos de idade. Em cada animal, procedeu-se à mensuração da pressão pelos métodos Doppler e oscilométrico. O método oscilométrico foi o primeiro a ser realizado, e, logo em seguida, o método Doppler. Os valores considerados foram obtidos das médias de sete medidas consecutivas para cada método, com intervalo de 30 segundos entre elas. A primeira medida e as medidas discrepantes (variação ˃ 20% PAS), obtidas com sinais óbvios de estresse e/ou com movimentação do animal, foram descartadas. Os métodos de mensuração oscilométrico e Doppler, embora tenham apresentado médias estatisticamente diferentes em todos os grupos, quando comparados em cada grupo, apresentaram uma correlação significativa, alta e positiva. Ou seja, sempre que for obtido um valor elevado por um método, o mesmo fato ocorrerá com o outro método e vice-versa. Clinicamente, a diferença observada não é relevante, uma vez que a diferença média dos valores obtida pelos dois métodos, em cada grupo, foi menor que 1,1%.<br/><br/><br/>Palavras-chave: felino, Doppler, oscilométrico, pressão arterial |
| 520 ## - NOTA DE RESUMO | |
| Nota de conteúdo | <br/><br/><br/>ABSTRACT - After two different validation systolic blood pressure measurement methods (PAS), not invasive or indirect (oscillometric and doppler vascular) with invasive or direct (arterial catheterization - Gold Standard) in 12 anesthetized healthy cats of the same age group, not invasive methods were evaluated and compared in 24 healthy conscious cats, divided into four age groups. In each animal, we proceeded to measure the pressure by Doppler and oscillometric methods. The oscillometric method was the first to be performed, and, shortly thereafter, the doppler method. The values considered were obtained from averages from seven consecutive measurements for each method with an interval of thirty seconds between them. The first measurement and disparate measurements (range ˃ 20% PAS) obtained with obvious signs of stress and / or animal movement were discarded. Methods of oscillometric and doppler measurement, although statistically different averages were shown in all groups when compared, each group showed a significant high positive correlation, meaning that when a high value is obtained by a method, the same occurs with the other method, and vice versa. Clinically, the observed difference is not relevant since the mean difference values obtained by the two methods, in each group was lower than 1.1%.<br/><br/><br/><br/><br/><br/><br/>Keywords: feline, doppler, oscillometric, blood pressure |
| 650 ## - ASSUNTO - THESAGRO | |
| Cabeçalho tópico ou nome geográfico | GATO |
| 650 ## - ASSUNTO - THESAGRO | |
| Cabeçalho tópico ou nome geográfico | PRESSÃO ARTERIAL |
| 650 ## - ASSUNTO - THESAGRO | |
| Cabeçalho tópico ou nome geográfico | VETERINÁRIA |
| 773 0# - ENTRADA ANALÍTICA | |
| Host Biblionumber | 1643 |
| Registro do item | 347391 |
| Imprenta | Belo Horizonte-MG Universidade Federal de Minas Gerais - Escola de Veterinaria 1983 |
| Outro identificador | 2024-8404 |
| Título | Arquivo Brasileiro de Medicina Veterinária e Zootecnia (Brazil) |
| ISSN | 0102-0935 |
| Colação | v. 68(3) p. 611-619; (2016) |
| Número de controle de registro | BR2024004460 |
| 856 ## - ACESSO E ENDEREÇO ELETRÔNICO | |
| Identificador uniforme de recurso - URI | https://www.scielo.br/j/abmvz/a/SggFDd45XFxjMhyqd5bWg4k/?format=pdf&lang=pt |
Nenhum exemplar disponível.

BINAGRI